000
00306nam a22001217a 4500
020
_a
NA
082
_2
22
_a
621.381521
100
_a
Nilsson James W. and R,edel Susan A.
245
_a
Introductory circuit /
260
_a
Pentice hall,
_b
Pentice hall,
_c
c2002
300
_a
102 p,;
_b
NA
_c
22cm.
942
_2
ddc
_c
EE
999
_c
2516
_d
2516